Εργα Αλεξάνδρου Σ. Βυζαντίου
Saved in:
| Main Author: | |
|---|---|
| Format: | Book |
| Language: | Greek |
| Published: |
Αθήνα :
Π. Δ. Σακελλαρίου,
1902
|
| Subjects: | |
| Tags: |
Add Tag
No Tags, Be the first to tag this record!
|
MARC
| LEADER | 00000cam a2200000 i 4500 | ||
|---|---|---|---|
| 001 | 1/99444 | ||
| 008 | 950331s1902 gre d | ||
| 035 | |l 10011305 | ||
| 040 | |a GR-MY-UA |b gre |e aacr | ||
| 041 | 0 | |a gre | |
| 082 | 0 | |a 889.409 | |
| 100 | 1 | |a Βυζάντιος, Γρηγόριος Σ. | |
| 245 | 1 | 0 | |a Εργα Αλεξάνδρου Σ. Βυζαντίου / |c Γρηγορίου Σ. Βυζαντίου |
| 260 | |a Αθήνα : |b Π. Δ. Σακελλαρίου, |c 1902 | ||
| 300 | |a 401 σ. | ||
| 600 | 1 | 0 | |a Βυζάντιος, Αλέξανδρος, |d 1841-1898. |
| 852 | |a INST |b LESVOS |e 19950331 |h 889.409 BYZ |p 005100032551 |q 005100032551 |t BK |y 0 | ||
| 909 | |a Λ |b 038174 | ||
| 970 | |z 2000/05/ΟΙΚΟΝΟΜΟΠΟΥΛΟΥ ΧΡΙΣΤΙΝΑ | ||